LEADER 00673cam2 22002171 450 001 SOBE00065909 005 20210418160014.0 100 $a20210418d1950 |||||ita|0103 ba 101 $aita 102 $aIT 200 0 $a2$fMario Toscano 210 $a[Torino]$cEinaudi$d1950 215 $a508 p.$c[2] c. geog.$d22 cm 461 1$1001E600200026415$12001 $aGuerra diplomatica in Estremo Oriente (1914-1931) : i trattati delle ventun domande / Mario Toscano 700 1$aToscano$b, Mario$3AF00008166$4070$0258113 801 0$aIT$bUNISOB$c20210418$gRICA 912 $aSOBE00065909 940 $aM 102 Monografia moderna SBN 941 $aW 996 $a2$91772221 997 $aUNISOB